000 00661nam a2200265Ia 4500
003 0100
008 130303s9999 xx 000 0 und d
020 _a0195094662
040 _cARRUPELIB
050 _aBD161.M8485 1998
100 _aMoser, Paul K
245 4 _aThe theory of knowledge
245 _ba thematic introduction
260 _aNew York
260 _bOxford University Press
260 _C1998
300 _ax
300 _b 212 p. 25 cm
650 _aEPISTEMOLOGY
650 _bThomas, Aquinas, Saint, 1225?-1274
650 _cSumma contra gentiles
650 _dTheism
700 _aMulder, Dwayne ; Trout, J.D
942 0 0 _01
999 _c15716
_d15716